Dongri to Dubai : (Record no. 232848)

000 -LEADER
fixed length control field 01198cam a2200361 a 4500
001 - CONTROL NUMBER
control field 17490819
003 - CONTROL NUMBER IDENTIFIER
control field Nust
005 - DATE AND TIME OF LATEST TRANSACTION
control field 20170223163709.0
007 - PHYSICAL DESCRIPTION FIXED FIELD--GENERAL INFORMATION
fixed length control field ta
008 - FIXED-LENGTH DATA ELEMENTS--GENERAL INFORMATION
fixed length control field 120523s2012 ii af 001 0beng d
010 ## - LIBRARY OF CONGRESS CONTROL NUMBER
LC control number 2012337612
020 ## - INTERNATIONAL STANDARD BOOK NUMBER
International Standard Book Number 9788174368942 (pbk.)
020 ## - INTERNATIONAL STANDARD BOOK NUMBER
International Standard Book Number 8174368949 (pbk.)
025 ## - OVERSEAS ACQUISITION NUMBER
Overseas acquisition number I-E-2012-337612; 69-92
035 ## - SYSTEM CONTROL NUMBER
System control number (OCoLC)ocn794639821
035 ## - SYSTEM CONTROL NUMBER
System control number (OCoLC)794639821
037 ## - SOURCE OF ACQUISITION
Stock number Library of Congress -- New Delhi Overseas Office
040 ## - CATALOGING SOURCE
Original cataloging agency DKAGE
Language of cataloging eng
Transcribing agency DKAGE
Modifying agency DLC
042 ## - AUTHENTICATION CODE
Authentication code lccopycat
-- lcode
043 ## - GEOGRAPHIC AREA CODE
Geographic area code a-ii---
050 00 - LIBRARY OF CONGRESS CALL NUMBER
Classification number HV6430.I27
Item number Z35 2012
082 04 - DEWEY DECIMAL CLASSIFICATION NUMBER
Classification number 303.62509
Author Mark ZAI
100 1# - MAIN ENTRY--PERSONAL NAME
Personal name Zaidi, S. Hussain.
245 10 - TITLE STATEMENT
Title Dongri to Dubai :
Remainder of title six decades of the Mumbai mafia /
Statement of responsibility, etc. S. Hussain Zaidi.
260 ## - PUBLICATION, DISTRIBUTION, ETC.
Place of publication, distribution, etc. New Delhi :
Name of publisher, distributor, etc. Lotus Collection,
Date of publication, distribution, etc. 2012.
300 ## - PHYSICAL DESCRIPTION
Extent xxi, 378 p., [8] p. of plates :
Other physical details ill. ;
Dimensions 22 cm.
500 ## - GENERAL NOTE
General note Includes index.
600 10 - SUBJECT ADDED ENTRY--PERSONAL NAME
Personal name Ibrahim, Dawood,
Dates associated with a name 1955-
650 #0 - SUBJECT ADDED ENTRY--TOPICAL TERM
Topical term or geographic name entry element Terrorists
Geographic subdivision India
Form subdivision Biography.
650 #0 - SUBJECT ADDED ENTRY--TOPICAL TERM
Topical term or geographic name entry element Terrorism
Geographic subdivision India.
906 ## - LOCAL DATA ELEMENT F, LDF (RLIN)
a 7
b cbc
c copycat
d 3
e ncip
f 20
g y-gencatlg
942 ## - ADDED ENTRY ELEMENTS (KOHA)
Source of classification or shelving scheme
Koha item type Book
Holdings
Withdrawn status Lost status Source of classification or shelving scheme Damaged status Not for loan Collection code Permanent Location Current Location Shelving location Date acquired Total Checkouts Total Renewals Full call number Barcode Date last seen Date last checked out Copy number Price effective from Koha item type
            Central Library (CL) Central Library (CL) Fiction 02/23/2017 5 1 303.62509 ZAI CL3009 08/29/2022 08/26/2022 1 02/23/2017 Book
© 2023 Central Library, National University of Sciences and Technology. All Rights Reserved.